ARRUPE JESUIT UNIVERSITY

CORONAVIRUS -STOP THE SPREAD - CLEAN,DISINFECT,COVER

The Islamic enlightenment, (Record no. 131633)

MARC details
000 -LEADER
fixed length control field 00455nam a22001337a 4500
008 - FIXED-LENGTH DATA ELEMENTS--GENERAL INFORMATION
fixed length control field 230223b |||||||| |||| 00| 0 eng d
020 ## - INTERNATIONAL STANDARD BOOK NUMBER
International Standard Book Number 9781847922427.
050 ## - LIBRARY OF CONGRESS CALL NUMBER
Classification number BP166.14.M63 D4 2017
100 ## - MAIN ENTRY--PERSONAL NAME
Personal name De Bellaigue Christopher,
9 (RLIN) 52189
245 ## - TITLE STATEMENT
Title The Islamic enlightenment,
Remainder of title the modern struggle between faith and reason
Statement of responsibility, etc Christopher De Bellaigue.
260 ## - PUBLICATION, DISTRIBUTION, ETC. (IMPRINT)
Place of publication, distribution, etc London,
Name of publisher, distributor, etc Bodley Head,
Date of publication, distribution, etc 2017.
300 ## - PHYSICAL DESCRIPTION
Extent 398p,
Other physical details xxxiv,
Dimensions 24cm
942 ## - ADDED ENTRY ELEMENTS (KOHA)
Source of classification or shelving scheme Library of Congress Classification
Item type Monograph ( Printed materials)
Holdings
Withdrawn status Lost status Source of classification or shelving scheme Damaged status Not for loan Home library Current library Shelving location Date acquired Total Checkouts Full call number Barcode Date last seen Price effective from Koha item type
    Library of Congress Classification     ARRUPE LIBRARY ARRUPE LIBRARY Main Collection 23/02/2023   BP166.14.M63 D4 2017 46700000238 23/02/2023 23/02/2023 Monograph ( Printed materials)

 

Arrupe Library. PO Box MP320 Mt Pleasant, Harare, Zimbabwe
263 242 745411|librarian@aju.ac.zw